Écosystème aquatique - Vocabulaire - Statistiques

Statistiques générales
  • Ce quiz a été pris 5 fois
  • Le résultat moyen est 6 sur 38
Statistiques - réponses
Hint Réponse % Correct
Ensemble des organismes animaux microscopiques qui vivent en suspension dans l'eau. Zooplancton
100%
Ensemble des organismes aquatiques animaux et végétaux qui vivent sur ou dans le fond des océans, lacs et cours d'eau. Benthos
50%
Mesure qui indique la capacité d'une eau à laisser passer un courant électrique. Conductivité
50%
Processus d'enrichissement excessif d'un milieu aquatique en nutriments accélérant la croissance des végétaux, entraînant asphyxie et dégradation de l'écosystème. Eutrophisation
50%
Échantillonneur utilisé en hydrobiologie pour capturer les invertébrés aquatiques sur le fond des cours d'eau peu profonds. Filet Surber
50%
Ensemble des plantes aquatiques macroscopiques, visibles à l'œil nu. Macrophyte
50%
Ensemble des organismes végétaux microscopiques qui vivent en suspension dans l'eau. Phytoplancton
50%
Formation boisée située sur les rives d'un cours d'eau. Ripisylve
50%
Zone humide caractérisée par l'accumulation matière organique fossile issue de la décomposition très lente de végétaux. Tourbière
50%
Mesure optique qui indique le niveau de "trouble" d'une eau causé par des particules en suspension. Turbidité
50%
Zonation d'une eau stagnante en profondeur et éloignée du bord riche en sédiments et en bactéries. Aphotique
0%
Capacité naturelle d'un écosystème à éliminer ou dégrader les polluants qu'il reçoit. Autoépuration
0%
Zonation d'un cours d'eau aux eaux froides, rapide et très oxygénées, à la pente forte et au substrat grossier (galet/pierres). Chaine alimentaire : Périphyton => Invertébrés broyeurs => Saumon/Truite. Crénon
0%
Transport d'invertébré aquatiques ou de débris par le courant, du fond vers la colonne d'eau. Dérive benthique
0%
Zone supérieure d'une étendue d'eau bien éclairée, très oxygénée, température variable et riche en phytoplancton. Épilimnon
0%
Eau stagnante de moins de dix mètres de profondeur où l'eau est brassée par le vent, causant une remontée des sédiments et une abondance de phytoplanctons. Étang
0%
Échantillonneur de forme conique monté fixé au bout d'un long manche utilisé pour capturer des crevettes et des poissons plats en raclant le fond sableux. Filet Haveneau
0%
Outil de pêche et d'observation en forme de grande épuisette, caractérisé par des mailles très fines et un cerceau robuste. Filet Troubleau
0%
Zone inférieure d'une étendue d'eau bien éclairée, peu oxygénée, température stable et pauvre en phytoplancton. Hypolimnon
0%
Terme qualifiant la zone située sous et sur les côtés du lit d'un cours d'eau, là où les eaux de surface et les eaux souterraines se mélangent Hyporhéique
0%
Eau stagnante assez profonde pour présenter une stratification thermique empêchant le brassage des eaux et une production primaire stable. Lac
0%
Lac résultant d'un hydrodynamisme d'un cours d'eau. Lac fluvial
0%
Lac résultant d'un mouvement de glaciers. Lac glaciaire
0%
Lac résultant d'un mouvement tectonique. Lac tectonique
0%
Lac résultant d'une activité volcanique. Lac volcanique
0%
Terme qualifiant une eau stagnante ou au débit faible. Limnophile
0%
Zonation d'une eau stagnante proche du bord riche en microflore algale sur le substrat. Littorale
0%
Eau stagnante de moins d'un mètre de profondeur où la lumière peut pénétrer jusqu'au fond. Un développement saisonnier sr fait grâce à un emmagasinement de la chaleur en été pour une survie automnale. Mare
0%
Ensemble des animaux aquatiques capables de nager activement. Necton
0%
Zonation d'une eau stagnante en surface et éloignée du bord riche en phytoplancton et en zooplancton. Pélagique
0%
Biofilm complexe formé par des micro-organismes et des détritus sur des supports immergés. Périphyton
0%
Étendue de terre plane située en fond de vallée façonnée par les dépôts de sédiments. Plaine alluviale
0%
Zonation d'un cours d'eau aux eaux chaudes, lentes et peu oxygénées, à la pente faible et au substrat fin (sable/vase). Chaine alimentaire : Phytoplancton => Invertébrés filtreurs/décomposeurs => Brème/Carpe. Potamon
0%
Zone herbeuse inondable située en bordure de cours d'eau ou dans une dépression, dont le sol est gorgé d'eau. Prairie humide
0%
Technique de restauration écologique consistant à redonner à une rivière son tracé sinueux naturel annulant les rectifications artificielles du passé. Reméandration
0%
Terme qualifiant une eau courante au débit fort. Rhéophile
0%
Zonation d'un cours d'eau aux eaux tempérées, modérées et assez oxygénées, à la pente moyenne et au substrat mixte (gravier/sable). Chaine alimentaire : Macrophyte => Invertébrés brouteurs => Ombre/Barbeau. Rhitron
0%
Unité limite de détermination utilisé lors de la reconnaissance d'espèces (Espèce, Genre, Famille,...). Unité systématique
0%
Aucun quiz correspondant
Distribution des résultats
% des personnes avec chaque résultat
Percentile par nombre de réponses
Votre historique - résultats
Vous n’avez pas pris ce quiz